Alle Gegner aus Super Mario RPG - Statistiken

Allgemein
  • Dieses Quiz wurde 12 mal gespielt
  • Das Durchschnittsergebnis liegt bei 13 aus 177
Antwortstatistiken
Gegner % Korrekt
Gumba
91%
Bowser
82%
Bob-omb
27%
Buu Huu
27%
Cheep-Cheep
27%
Hammer-Brüder
27%
Parakoopa
27%
Piranha-Pflanze
27%
Wiggler
27%
Amoebi
18%
Artischock
18%
Azubi
18%
Hunderlich
18%
Klingklong
18%
Knochentrocken
18%
Koopakadabra
18%
Maxi-Kanone
18%
Schmiedrich
18%
Shy Guy
18%
Snifit
18%
Snifster
18%
Amorph
9%
Baby Blooper
9%
Beezo
9%
Bellom
9%
Birdo
9%
Blaubandpirat
9%
Blaumeister
9%
Blooper
9%
Bogo
9%
Borsto
9%
Brummser
9%
Budo
9%
Cheepster
9%
Crystallux
9%
Dodo
9%
Domino
9%
Dorni
9%
Eifrich
9%
Fortwilla
9%
Froschard
9%
Gelbbeil
9%
Gevatter Spuk
9%
Goombette
9%
Grinspiran
9%
Grünbeil
9%
Grüne Piranha-Pflanze
9%
Guerrilla
9%
Handlanger
9%
Harlekling
9%
Harlepokus
9%
Himbeerich
9%
Hippohopsala
9%
Jitsu
9%
Jonathan Jones
9%
Jumbo-Parakoopa
9%
Kalkinchen
9%
Kettenhund
9%
Kettenknilch
9%
Klinge
9%
Klunkerhund
9%
Knospiran
9%
Koopatissier
9%
Köterlich
9%
Krator
9%
Krawallobra
9%
Kroko
9%
Lakitu
9%
Leuchterhund
9%
Lillip
9%
Löwenmaul
9%
Lugtruhe
9%
Maxi-Bob-omb
9%
Mega-Bob-omb
9%
Mini-Bob-omb
9%
Moderling
9%
Narrlekin
9%
Owehstern
9%
Pinkbeil
9%
Profi-Gumba
9%
Pupponetto
9%
Pyropanzer
9%
Quakard
9%
Rattoso
9%
Rob-omb
9%
Rotbandpirat
9%
Rotbeil
9%
Rotkrakeelchen
9%
Rüpelrotor
9%
Schamänchen
9%
Schildkadett
9%
Schnitta
9%
Schwarzbeil
9%
Speerfried
9%
Stampfstumpf
9%
Stichler
9%
Strohkopf
9%
Tiegel
9%
Trugtruhe
9%
Valentina
9%
Vomer
9%
Wehstern
9%
Willi-Blaster
9%
Wulstling
9%
Zangen-Piranha
9%
Arachne
0%
Blau-Hothead
0%
Blufftruhe
0%
Bohrkopf
0%
Brachizang
0%
Brachizwack
0%
Camouflitz
0%
Chefschufter
0%
Cluster
0%
Doppler
0%
Dornister
0%
Dragomut
0%
Dschinn
0%
Enigma
0%
Enigmax
0%
Exor
0%
Flakonio
0%
Fondantor
0%
Forki
0%
Forkolos
0%
Ganovling
0%
Gaunling
0%
Geckleck
0%
Gecklor
0%
Giga-Parakoopa
0%
Gnatzhammer
0%
Greifer
0%
Helden-Emse
0%
Holla-Buu-Huu
0%
Hopsling
0%
Hothead
0%
Hüpfling
0%
Kaiserdrache
0%
Kardunkel
0%
Klapperdrache
0%
Klingelinger
0%
Koller-Kobra
0%
König Kalmar
0%
Konstrukt
0%
Kugelorn
0%
Kugelweih
0%
Magmaxi
0%
Magmus
0%
Malakoopa
0%
Malmhammer
0%
Malmut
0%
Ninja
0%
Oberschufter
0%
Octolot
0%
Octovasor
0%
Panzer-Emse
0%
Platthammer
0%
Pulsar
0%
Puppox
0%
Quallmal
0%
Quallmaxo
0%
Rattini
0%
Robox
0%
Rot-Hothead
0%
Rübnas
0%
Schatten
0%
Schildkorporal
0%
Schleuder-Guy
0%
Schufter
0%
Schufterboss
0%
Shogurai
0%
Spinthra
0%
Sprüngling
0%
Tricktruhe
0%
Urdorni
0%
Wecklassnach
0%
Ziesling
0%
Keine übereinstimmenden Quizze gefunden
Verteilung der Resultate
Anzahl Personen mit jedem Resultat
Perzentil nach korrekt beantworteten Fragen
Ihre Resultats-Entwicklung
Sie haben dieses Quiz noch nicht gespielt